| 000 | 00542nam a22002057a 4500 | ||
|---|---|---|---|
| 999 |
_c6826 _d6826 |
||
| 003 | OSt | ||
| 005 | 20210319160122.0 | ||
| 008 | 210319b ||||| |||| 00| 0 eng d | ||
| 020 | _a9780851989747 | ||
| 040 | _cDDC | ||
| 082 | _a637 PRO 1996 | ||
| 100 |
_aEdited by Phillips, C.J.C. _913986 |
||
| 245 | _aProgress in Dairy Science | ||
| 260 | _aUK; CAB International, 1996 | ||
| 300 | _axiii,417p;ill:24 | ||
| 504 | _aReferences, & index included | ||
| 650 |
_aDairy farming _913987 |
||
| 650 |
_aAgriculture _94591 |
||
| 942 |
_2z _cO_SHELF |
||